[Event "CCC 2021 GM"]
[Site "Ballerup"]
[Date "2021.08.04"]
[Round "1"]
[White "Nielsen, Viktor Haarmark"]
[Black "Vasli, Aref"]
[Result "0-1"]
[WhiteElo "2294"]
[BlackElo "2386"]
[PlyCount "110"]
[EventDate "2021.08.04"]
[EventType "tourn"]
[EventRounds "9"]
[EventCountry "DEN"]

1. e4 e5 2. Nf3 Nc6 3. Bb5 a6 4. Ba4 Nf6 5. O-O Be7 6. Re1 b5 7. Bb3 d6 8. c3
O-O 9. h3 Bb7 10. d4 Re8 11. Nbd2 exd4 12. cxd4 Nd7 13. Nf1 Na5 14. Bc2 Bf6 15.
Rb1 c5 16. d5 Nc4 17. b3 Ncb6 18. Bf4 Ne5 19. Nxe5 Bxe5 20. Bxe5 Rxe5 21. Qd2
Re8 22. Ne3 b4 23. f4 a5 24. Nf5 Bc8 25. g4 Bxf5 26. gxf5 c4 27. Kh2 Rc8 28.
Rg1 Qf6 29. Rg3 cxb3 30. axb3 Kh8 31. Rbg1 Qb2 32. R1g2 Rg8 33. Qd1 Qf6 34. Qg1
Nd7 35. Qa7 Qd8 36. Qd4 Qb6 37. Qa1 f6 38. Qd1 Rc3 39. Rxc3 bxc3 40. Qf3 Qd4
41. Rg3 Nc5 42. Kh1 Qd2 43. Rg2 Qc1+ 44. Kh2 Re8 45. Qg3 Rg8 46. e5 dxe5 47.
fxe5 Nd7 48. e6 Ne5 49. d6 Qa3 50. e7 g5 51. fxg6 hxg6 52. Bxg6 Nxg6 53. e8=Q
Rxe8 54. Qxg6 Qxd6+ 55. Rg3 Re2+ 0-1

[Event "CCC 2021 GM"]
[Site "Ballerup"]
[Date "2021.08.04"]
[Round "1"]
[White "Ochsner, Bjorn Moller"]
[Black "Hector, Jonny"]
[Result "1-0"]
[WhiteElo "2505"]
[BlackElo "2465"]
[PlyCount "107"]
[EventDate "2021.08.04"]
[EventType "tourn"]
[EventRounds "9"]
[EventCountry "DEN"]

1. e4 Nc6 2. Nf3 d5 3. exd5 Qxd5 4. Nc3 Qa5 5. d4 Bg4 6. h3 Bxf3 7. Qxf3 O-O-O
8. Qxf7 Nxd4 9. Bd3 Nf6 10. Be3 e5 11. O-O Rd7 12. Qc4 a6 13. a3 b5 14. Qa2 g6
15. Ne4 Qb6 16. a4 Nxe4 17. Bxe4 b4 18. a5 Qb5 19. Bxd4 exd4 20. Qe6 Bd6 21.
Bd3 Qc6 22. Qe2 Re7 23. Bxa6+ Kb8 24. Qb5+ Qxb5 25. Bxb5 Re5 26. Bd3 Rhe8 27.
a6 Ka7 28. Rfd1 b3 29. cxb3 Bb4 30. g3 R8e7 31. h4 R7e6 32. Bc4 Rd6 33. Rac1 h5
34. Kg2 g5 35. hxg5 Rxg5 36. Bd3 c5 37. Rh1 Rf6 38. Rh4 Re5 39. Rch1 Be1 40.
Rf4 Rfe6 41. Rf7+ Ka8 42. Rf8+ Ka7 43. Rf7+ Ka8 44. Rh4 Ba5 45. Rf8+ Ka7 46.
Rf7+ Ka8 47. Rh7 Bd8 48. R4xh5 Rxh5 49. Rxh5 Be7 50. Rh8+ Ka7 51. Kf1 Bd6 52.
Rh7+ Be7 53. g4 Kb8 54. f3 1-0

[Event "CCC 2021 GM"]
[Site "Ballerup"]
[Date "2021.08.04"]
[Round "1"]
[White "Olsen, Filip Boe"]
[Black "Antonsen, Mikkel"]
[Result "0-1"]
[WhiteElo "2397"]
[BlackElo "2407"]
[PlyCount "104"]
[EventDate "2021.08.04"]
[EventType "tourn"]
[EventRounds "9"]
[EventCountry "DEN"]

1. d4 Nf6 2. Nf3 e6 3. Bf4 c5 4. e3 Qb6 5. Na3 d5 6. Nb5 Na6 7. a4 c4 8. c3 Be7
9. b3 cxb3 10. Qxb3 O-O 11. Bd3 Nh5 12. Be5 f6 13. Bg3 g6 14. O-O Nxg3 15. hxg3
Kg7 16. Rab1 Bd7 17. e4 dxe4 18. Bxe4 Rab8 19. Rfe1 Rfe8 20. Nd2 Qd8 21. Nxa7
e5 22. dxe5 Bc5 23. Nb5 Bxb5 24. Qxb5 Qxd2 25. Re2 Qxc3 26. Bxb7 Nc7 27. Qc6
Bxf2+ 28. Kxf2 Qxc6 29. Bxc6 Rxb1 30. exf6+ Kf8 31. Bxe8 Nxe8 32. Re6 Ra1 33.
Ra6 Kf7 34. Ra7+ Kxf6 35. Rxh7 Rxa4 36. Rb7 Nd6 37. Rb2 g5 38. Rb3 Kf5 39. Rd3
Nf7 40. Rf3+ Kg6 41. Re3 Nh6 42. Re6+ Kh5 43. Re8 Ra2+ 44. Kf3 Ra3+ 45. Ke2
Rxg3 46. Kf2 Ra3 47. Re4 Ng4+ 48. Kf1 Kh4 49. Re1 Ra2 50. Kg1 Kg3 51. Kh1 Rf2
52. Rc1 Ne3 0-1

[Event "CCC 2021 GM"]
[Site "Ballerup"]
[Date "2021.08.04"]
[Round "1"]
[White "Brynell, Stellan"]
[Black "Jacobsen, Mikkel Manosri"]
[Result "0-1"]
[WhiteElo "2422"]
[BlackElo "2309"]
[PlyCount "70"]
[EventDate "2021.08.04"]
[EventType "tourn"]
[EventRounds "9"]
[EventCountry "DEN"]

1. e4 c5 2. Nf3 Nf6 3. e5 Nd5 4. c3 e6 5. d4 cxd4 6. cxd4 Nc6 7. Bc4 d6 8. O-O
dxe5 9. dxe5 Nb6 10. Bd3 Nb4 11. Be4 Qxd1 12. Rxd1 f5 13. exf6 gxf6 14. Nc3 f5
15. Nb5 fxe4 16. Nc7+ Kf7 17. Ne5+ Kf6 18. Ng4+ Kg6 19. Be3 Rb8 20. Ne5+ Kf5
21. g4+ Kxe5 22. Bd4+ Kf4 23. Bxh8 N6d5 24. Rac1 Nd3 25. Rc4 Kf3 26. Nb5 e5 27.
h3 Bd7 28. Nc3 Nxc3 29. Rxc3 Ke2 30. Rf1 Bb4 31. Rc2+ Bd2 32. Bg7 Rc8 33. Rxc8
Bxc8 34. Bf6 Be1 35. Bh4 Nf4 0-1

[Event "CCC 2021 GM"]
[Site "Ballerup"]
[Date "2021.08.04"]
[Round "1"]
[White "Haubro, Martin"]
[Black "Blomqvist, Erik"]
[Result "1/2-1/2"]
[WhiteElo "2410"]
[BlackElo "2537"]
[PlyCount "112"]
[EventDate "2021.08.04"]
[EventType "tourn"]
[EventRounds "9"]
[EventCountry "DEN"]

1. e4 c5 2. Nf3 d6 3. d4 cxd4 4. Nxd4 Nf6 5. Nc3 g6 6. Be3 Bg7 7. f3 O-O 8. Qd2
Nc6 9. O-O-O d5 10. Qe1 e5 11. Nxc6 bxc6 12. exd5 Nxd5 13. Bc4 Be6 14. Ne4 Qc7
15. Bc5 Rfd8 16. g4 Nf4 17. Bxe6 Rxd1+ 18. Qxd1 Nxe6 19. Qd6 Qb7 20. Rd1 Qb5
21. Qd3 Qxd3 22. Rxd3 f5 23. Rd6 Re8 24. Bxa7 fxe4 25. fxe4 Kf7 26. c3 Bf8 27.
Rxc6 Ra8 28. Be3 Rxa2 29. Kb1 Ra4 30. b4 Bxb4 31. Rc4 Ra3 32. Rxb4 Rxc3 33. Bf2
h6 34. Rb5 Kf6 35. Bh4+ g5 36. Bg3 Rc5 37. Rb8 Rc4 38. Rh8 Rxe4 39. Rxh6+ Kf7
40. Kc2 Nf4 41. Kd2 Re2+ 42. Kd1 Ra2 43. Rb6 Nd5 44. Rb3 e4 45. h4 gxh4 46.
Bxh4 Rg2 47. Rg3 Rh2 48. Bg5 Ke6 49. Bc1 Rh1+ 50. Kc2 Nb4+ 51. Kd2 Rh2+ 52. Kc3
Na2+ 53. Kd4 Nxc1 54. Kxe4 Kf6 55. Ra3 Ne2 56. Ra5 Kg6 1/2-1/2

[Event "CCC 2021 GM"]
[Site "Ballerup"]
[Date "2021.08.05"]
[Round "2"]
[White "Nielsen, Viktor Haarmark"]
[Black "Ochsner, Bjorn Moller"]
[Result "0-1"]
[WhiteElo "2294"]
[BlackElo "2505"]
[PlyCount "164"]
[EventDate "2021.08.04"]
[EventType "tourn"]
[EventRounds "9"]
[EventCountry "DEN"]

1. e4 c5 2. Nf3 d6 3. d4 cxd4 4. Nxd4 Nf6 5. f3 e5 6. Nb3 a5 7. Nc3 a4 8. Nd2
a3 9. Bb5+ Nc6 10. Nc4 Be7 11. Nxa3 O-O 12. Nc4 Nd4 13. Ne3 Nxb5 14. Nxb5 Qa5+
15. Nc3 Be6 16. O-O Rfc8 17. Qd3 Qb6 18. Kh1 Bf8 19. Rd1 Qd8 20. Qe2 Ra6 21.
Ncd5 Nxd5 22. Nxd5 f5 23. exf5 Bxf5 24. c4 Qh4 25. b3 Rac6 26. a4 Re8 27. Qe1
Qd8 28. Qf2 Qd7 29. Be3 Qf7 30. Rd2 h6 31. a5 Be6 32. Qe2 Be7 33. Nc3 Ra8 34.
Qd1 Rca6 35. Bb6 Rc8 36. Nb5 Bf8 37. Nxd6 Bxd6 38. Rxd6 Re8 39. Rd8 Ra8 40.
Rxa8 Rxa8 41. Qd6 Re8 42. Re1 Qf5 43. Rxe5 Qb1+ 44. Bg1 Kf7 45. Re3 Qa2 46. Qb6
Re7 47. Qb4 Rd7 48. Qe1 Re7 49. h3 Re8 50. Kh2 Qc2 51. Bf2 Qa2 52. Bg3 Qc2 53.
Bd6 Qf5 54. Kh1 Qg6 55. Bb4 Qc2 56. Qc3 Qg6 57. Qe5 Kg8 58. Qf4 Qb1+ 59. Kh2
Qg6 60. Bc3 Kh8 61. Qc7 Kh7 62. b4 Bxh3 63. Kxh3 Rxe3 64. Bd4 Re1 65. g4 h5 66.
Qf4 Re2 67. Qf5 Qxf5 68. gxf5 Rc2 69. Bc5 Rxc4 70. Kg3 Kg8 71. Bd6 Rd4 72. Bc5
Rc4 73. Bd6 Rd4 74. Bc5 Rd5 75. Kf4 Kf7 76. Bf2 Rd2 77. Be1 Rd1 78. Bf2 Rf1 79.
Bd4 Rc1 80. Bc5 Rc4+ 81. Kg5 h4 82. Bd6 Rd4 0-1

[Event "CCC 2021 GM"]
[Site "Ballerup"]
[Date "2021.08.05"]
[Round "2"]
[White "Hector, Jonny"]
[Black "Olsen, Filip Boe"]
[Result "1/2-1/2"]
[WhiteElo "2465"]
[BlackElo "2397"]
[PlyCount "161"]
[EventDate "2021.08.04"]
[EventType "tourn"]
[EventRounds "9"]
[EventCountry "DEN"]

1. e4 c6 2. Nc3 d5 3. Nf3 Bg4 4. h3 Bxf3 5. gxf3 e6 6. d4 Nd7 7. Be3 Qa5 8. a3
Ngf6 9. h4 dxe4 10. b4 Qf5 11. fxe4 Nxe4 12. Nxe4 Qxe4 13. Rh2 Nf6 14. h5 Ng4
15. Rh3 O-O-O 16. Qe2 Be7 17. c3 Nxe3 18. fxe3 Bh4+ 19. Kd1 Bf6 20. Bg2 Qf5 21.
h6 gxh6 22. Kd2 Rhg8 23. Rf1 Qg6 24. Bh1 e5 25. b5 exd4 26. cxd4 Qg5 27. Kc2
Rge8 28. Qd3 Qg4 29. Rhf3 Bxd4 30. exd4 Rxd4 31. Qf5+ Qxf5+ 32. Rxf5 cxb5 33.
Rc5+ Kd8 34. Rxf7 Re2+ 35. Kc3 Rd7 36. Rxd7+ Kxd7 37. Bxb7 Re3+ 38. Kb2 Re2+
39. Kb3 Re3+ 40. Kb4 a5+ 41. Kxb5 Rxa3 42. Bc6+ Ke6 43. Rh5 Kf6 44. Rxh6+ Kg7
45. Rh4 h6 46. Kb6 Ra1 47. Ba4 Kg6 48. Be8+ Kg7 49. Rg4+ Kh7 50. Bg6+ Kg7 51.
Bc2+ Kf7 52. Ba4 Kf6 53. Kxa5 h5 54. Rc4 Kg5 55. Kb6 h4 56. Bd7 Ra3 57. Rg4+
Kh5 58. Rg8 Rg3 59. Rh8+ Kg5 60. Kc5 Rd3 61. Bc8 Rd2 62. Kc4 Rd6 63. Bh3 Rd2
64. Kc3 Rd6 65. Ra8 Rd1 66. Rf8 Rh1 67. Bd7 h3 68. Rh8 Kf4 69. Kd2 Kg3 70. Ke2
h2 71. Bc6 Rb1 72. Rg8+ Kf4 73. Rh8 Kg3 74. Be4 Rb2+ 75. Kf1 Rf2+ 76. Ke1 Ra2
77. Bd5 Ra5 78. Bc6 Ra6 79. Bb7 Ra7 80. Bc6 Ra6 81. Bb7 1/2-1/2

[Event "CCC 2021 GM"]
[Site "Ballerup"]
[Date "2021.08.05"]
[Round "2"]
[White "Antonsen, Mikkel"]
[Black "Brynell, Stellan"]
[Result "0-1"]
[WhiteElo "2407"]
[BlackElo "2422"]
[PlyCount "80"]
[EventDate "2021.08.04"]
[EventType "tourn"]
[EventRounds "9"]
[EventCountry "DEN"]

1. Nf3 d5 2. d4 Nf6 3. c4 e6 4. Nc3 dxc4 5. e4 Bb4 6. Bxc4 Nxe4 7. O-O Nf6 8.
Qa4+ Nc6 9. Ne5 Bd6 10. Nxc6 bxc6 11. Qxc6+ Bd7 12. Qf3 O-O 13. Bg5 Rb8 14. Bb3
h6 15. Bh4 Rb6 16. Rfe1 Be7 17. Rad1 Bc6 18. Qh3 Re8 19. Na4 Rb4 20. Nc5 Bd5
21. Ba4 c6 22. b3 Nd7 23. Qc3 Rb6 24. Bg3 Qc8 25. Bf4 Nf8 26. f3 Ng6 27. Bg3 h5
28. h3 Qd8 29. Qe3 Bg5 30. f4 Bh4 31. Rd2 Bxg3 32. Qxg3 Nh4 33. Qc3 Qf6 34. Rf1
Rd8 35. g3 Nf5 36. Kh2 Rbb8 37. g4 hxg4 38. hxg4 Qh6+ 39. Qh3 Ne3 40. Rg1 Qxf4+
0-1

[Event "CCC 2021 GM"]
[Site "Ballerup"]
[Date "2021.08.05"]
[Round "2"]
[White "Jacobsen, Mikkel Manosri"]
[Black "Haubro, Martin"]
[Result "0-1"]
[WhiteElo "2309"]
[BlackElo "2410"]
[PlyCount "74"]
[EventDate "2021.08.04"]
[EventType "tourn"]
[EventRounds "9"]
[EventCountry "DEN"]

1. c4 e6 2. Nc3 d5 3. d4 a6 4. cxd5 exd5 5. Nf3 h6 6. Bf4 Nf6 7. Qc2 Bd6 8.
Bxd6 Qxd6 9. e3 O-O 10. Bd3 Nc6 11. a3 Ne7 12. O-O g6 13. Rfc1 Bf5 14. Bxf5
Nxf5 15. Na4 c6 16. Nc5 Qe7 17. Ne5 Kg7 18. a4 h5 19. h3 Ne8 20. Ra3 Ned6 21.
Rb3 Rfc8 22. a5 Rc7 23. Re1 Rh8 24. Qd3 f6 25. Nf3 Ne4 26. Qc2 Ned6 27. Rb6 Re8
28. b3 Nb5 29. g4 hxg4 30. hxg4 Nfd6 31. Kg2 Rh8 32. e4 dxe4 33. Nxe4 Qd7 34.
Nxf6 Kxf6 35. Ne5 Qh7 36. g5+ Kg7 37. Kf3 Nxd4+ 0-1

[Event "CCC 2021 GM"]
[Site "Ballerup"]
[Date "2021.08.05"]
[Round "2"]
[White "Vasli, Aref"]
[Black "Blomqvist, Erik"]
[Result "1/2-1/2"]
[WhiteElo "2386"]
[BlackElo "2537"]
[PlyCount "93"]
[EventDate "2021.08.04"]
[EventType "tourn"]
[EventRounds "9"]
[EventCountry "DEN"]

1. e4 c5 2. Nf3 d6 3. Bb5+ Bd7 4. a4 Nf6 5. d3 g6 6. O-O Bg7 7. Nbd2 O-O 8. Re1
Nc6 9. Nc4 d5 10. exd5 Nxd5 11. Ne3 Nc7 12. c3 a6 13. Bc4 b5 14. Bb3 Be6 15.
axb5 axb5 16. Rxa8 Qxa8 17. Ng5 Bxb3 18. Qxb3 Ne5 19. Qc2 Rd8 20. d4 cxd4 21.
cxd4 Nc6 22. Nf3 Ne6 23. d5 Ncd4 24. Nxd4 Nxd4 25. Qd3 e6 26. Bd2 exd5 27. Bc3
Qa4 28. Rd1 Ne6 29. Bxg7 Kxg7 30. b3 Qe4 31. Qxb5 d4 32. Nf1 Nf4 33. f3 Qe7 34.
Qc4 Qe5 35. g3 Ne6 36. b4 h5 37. Rd2 h4 38. f4 Qf5 39. Qd3 Qd5 40. Qe2 h3 41.
Ne3 Qb3 42. Ng4 Qxb4 43. Qe5+ Kh7 44. Nf6+ Kh6 45. Ng4+ Kh7 46. Nf6+ Kh6 47.
Ng4+ 1/2-1/2

[Event "CCC 2021 GM"]
[Site "Ballerup"]
[Date "2021.08.05"]
[Round "3"]
[White "Olsen, Filip Boe"]
[Black "Nielsen, Viktor Haarmark"]
[Result "1/2-1/2"]
[WhiteElo "2397"]
[BlackElo "2294"]
[PlyCount "99"]
[EventDate "2021.08.04"]
[EventType "tourn"]
[EventRounds "9"]
[EventCountry "DEN"]

1. d4 Nf6 2. Nf3 g6 3. c4 Bg7 4. Nc3 d5 5. cxd5 Nxd5 6. e4 Nxc3 7. bxc3 c5 8.
h3 O-O 9. Be2 b6 10. O-O Bb7 11. e5 cxd4 12. cxd4 Qd7 13. Be3 Nc6 14. Qd2 Rfd8
15. Rfd1 Rac8 16. Rac1 e6 17. Bg5 Ne7 18. Qf4 Rxc1 19. Rxc1 Nd5 20. Qh4 Rc8 21.
Rxc8+ Qxc8 22. Bd2 Nc3 23. Bxc3 Qxc3 24. Qd8+ Bf8 25. Ng5 Qc1+ 26. Kh2 Qf4+ 27.
Kg1 Qc1+ 28. Kh2 Qc8 29. Qf6 Qd7 30. Bf3 Bxf3 31. Nxf3 Be7 32. Qf4 Qd5 33. Qd2
Qc4 34. g4 a5 35. h4 a4 36. h5 b5 37. h6 Qd5 38. Ng5 b4 39. Qf4 Bxg5 40. Qxg5
Kf8 41. Qc1 Qd8 42. Qc5+ Kg8 43. g5 Qb8 44. Qe7 b3 45. axb3 axb3 46. Qf6 Qf8
47. Qf3 Qb8 48. Qf6 Qf8 49. Qf3 Qb8 50. Qf6 1/2-1/2

[Event "CCC 2021 GM"]
[Site "Ballerup"]
[Date "2021.08.05"]
[Round "3"]
[White "Ochsner, Bjorn Moller"]
[Black "Vasli, Aref"]
[Result "1-0"]
[WhiteElo "2505"]
[BlackElo "2386"]
[PlyCount "69"]
[EventDate "2021.08.04"]
[EventType "tourn"]
[EventRounds "9"]
[EventCountry "DEN"]

1. e4 e5 2. Nf3 Nc6 3. Bb5 a6 4. Ba4 Nf6 5. O-O Be7 6. Re1 b5 7. Bb3 d6 8. c3
O-O 9. h3 Bb7 10. d4 Re8 11. Nbd2 Bf8 12. a3 h6 13. Bc2 Nb8 14. b4 Nbd7 15. Bb2
g6 16. c4 Rb8 17. dxe5 dxe5 18. c5 c6 19. Bb3 Nh5 20. g3 Bc8 21. Nf1 Qf6 22.
Ne3 Nxc5 23. bxc5 Bxh3 24. Rc1 Bg7 25. Qe2 Qe7 26. Kh2 Bc8 27. Red1 Kh7 28. Rd6
Nf6 29. Qd3 Ng4+ 30. Nxg4 Bxg4 31. Nh4 Rbd8 32. f3 Bc8 33. Rd1 Bf6 34. Rxd8
Bxh4 35. Rxe8 1-0

[Event "CCC 2021 GM"]
[Site "Ballerup"]
[Date "2021.08.05"]
[Round "3"]
[White "Brynell, Stellan"]
[Black "Hector, Jonny"]
[Result "1/2-1/2"]
[WhiteElo "2422"]
[BlackElo "2465"]
[PlyCount "37"]
[EventDate "2021.08.04"]
[EventType "tourn"]
[EventRounds "9"]
[EventCountry "DEN"]

1. d4 d5 2. Nf3 Nf6 3. c4 c6 4. cxd5 cxd5 5. Nc3 Nc6 6. Bf4 Bf5 7. e3 e6 8. Qb3
Qb6 9. Qxb6 axb6 10. Bb5 Bb4 11. Ne5 Bxc3+ 12. bxc3 Ke7 13. Bxc6 bxc6 14. Nxc6+
Kd7 15. Ne5+ Ke7 16. Nc6+ Kd7 17. Ne5+ Ke7 18. Nc6+ Kd7 19. Ne5+ 1/2-1/2

[Event "CCC 2021 GM"]
[Site "Ballerup"]
[Date "2021.08.05"]
[Round "3"]
[White "Haubro, Martin"]
[Black "Antonsen, Mikkel"]
[Result "0-1"]
[WhiteElo "2410"]
[BlackElo "2407"]
[PlyCount "94"]
[EventDate "2021.08.04"]
[EventType "tourn"]
[EventRounds "9"]
[EventCountry "DEN"]

1. e4 e5 2. Bc4 Nf6 3. d3 Nc6 4. Nf3 Bc5 5. O-O d6 6. a4 a6 7. c3 Ba7 8. Re1
O-O 9. Nbd2 Ng4 10. Re2 Kh8 11. Nf1 f5 12. exf5 Bxf5 13. Ng3 d5 14. Bb3 e4 15.
Bg5 exf3 16. Bxd8 fxe2 17. Qxe2 Bxf2+ 18. Kh1 Bxg3 19. hxg3 Raxd8 20. Rf1 Nce5
21. Bc2 Bxd3 22. Bxd3 Rxf1+ 23. Qxf1 Nxd3 24. Qf7 Nxb2 25. Kg1 Nc4 26. Qe7 Rg8
27. Kf1 c6 28. Qd7 b5 29. a5 c5 30. Ke2 Nf6 31. Qa7 Re8+ 32. Kd1 Nxa5 33. Qxa6
Nc4 34. Qxb5 Ne3+ 35. Kc1 c4 36. Qb2 Nfg4 37. Qb5 Rf8 38. Qd7 h6 39. Kd2 Kh7
40. Qe7 Rf2+ 41. Ke1 Nxg2+ 42. Kd1 N4e3+ 43. Kc1 Rc2+ 44. Kb1 Rxc3 45. g4 Nxg4
46. Qe6 N2e3 47. Kb2 Rd3 0-1

[Event "CCC 2021 GM"]
[Site "Ballerup"]
[Date "2021.08.05"]
[Round "3"]
[White "Blomqvist, Erik"]
[Black "Jacobsen, Mikkel Manosri"]
[Result "1/2-1/2"]
[WhiteElo "2537"]
[BlackElo "2309"]
[PlyCount "106"]
[EventDate "2021.08.04"]
[EventType "tourn"]
[EventRounds "9"]
[EventCountry "DEN"]

1. e4 c6 2. d4 d5 3. exd5 cxd5 4. Bd3 Nc6 5. c3 Nf6 6. Bf4 Bg4 7. Qb3 Qd7 8.
Nd2 e6 9. Ngf3 Bd6 10. Bxd6 Qxd6 11. O-O O-O 12. Rae1 Bxf3 13. Nxf3 Nd7 14. Qc2
g6 15. Re3 Rac8 16. Qe2 Na5 17. h4 Nc4 18. Bxc4 Rxc4 19. h5 Kg7 20. g3 Qe7 21.
Kg2 Rc7 22. Rh1 Nf6 23. hxg6 hxg6 24. Ng5 Rh8 25. Rxh8 Kxh8 26. Rf3 Kg8 27. Qe5
Ng4 28. Qf4 f5 29. Rd3 Rc4 30. Nf3 Qc7 31. Qg5 Kg7 32. Qh4 e5 33. Rd1 e4 34.
Ng5 Qe7 35. Qh7+ Kf6 36. Qh8+ Qg7 37. Nh7+ Kf7 38. Qd8 Qxh7 39. Rh1 Qg8 40.
Qxd5+ Kg7 41. Qxb7+ Kf6 42. Qxa7 Qf7 43. Qb8 Rc7 44. a4 e3 45. f3 Qc4 46. Qb6+
Kg7 47. fxg4 Qe2+ 48. Kh3 Qxg4+ 49. Kh2 Qe2+ 50. Kh3 Re7 51. d5 Qf3 52. Kh2
Qe2+ 53. Kh3 Qg4+ 1/2-1/2

[Event "CCC 2021 GM"]
[Site "Ballerup"]
[Date "2021.08.06"]
[Round "4"]
[White "Nielsen, Viktor Haarmark"]
[Black "Brynell, Stellan"]
[Result "0-1"]
[WhiteElo "2294"]
[BlackElo "2422"]
[PlyCount "92"]
[EventDate "2021.08.04"]
[EventType "tourn"]
[EventRounds "9"]
[EventCountry "DEN"]

1. e4 e6 2. d4 d5 3. Nc3 Nf6 4. e5 Nfd7 5. f4 c5 6. Nf3 Nc6 7. Be3 Be7 8. Qd2
O-O 9. dxc5 Qa5 10. Bd3 Nxc5 11. O-O Nxd3 12. cxd3 Bd7 13. a3 f6 14. b4 Qd8 15.
Ne2 a5 16. b5 Na7 17. a4 Bb4 18. Qb2 Nc8 19. Rac1 Be8 20. Ng3 Qe7 21. Qb3 fxe5
22. fxe5 Bg6 23. Rc2 Qe8 24. Rfc1 h6 25. Rc7 Rf7 26. b6 Rb8 27. Bc5 Rf4 28. Be3
Rf7 29. Qc2 Rf8 30. Kh1 Ne7 31. Nd4 Nf5 32. Ngxf5 Bxf5 33. Nxf5 Rxf5 34. d4 Ba3
35. Rb1 Qg6 36. Kg1 Rbf8 37. Rd1 R8f7 38. Rxf7 Qxf7 39. Qd3 Bb4 40. Rc1 Qg6 41.
Rc7 Qe8 42. Qc2 Qg6 43. Bf2 Kh7 44. Rxb7 Be1 45. Bxe1 Rf1+ 46. Kxf1 Qxc2 0-1

[Event "CCC 2021 GM"]
[Site "Ballerup"]
[Date "2021.08.06"]
[Round "4"]
[White "Ochsner, Bjorn Moller"]
[Black "Olsen, Filip Boe"]
[Result "1-0"]
[WhiteElo "2505"]
[BlackElo "2397"]
[PlyCount "61"]
[EventDate "2021.08.04"]
[EventType "tourn"]
[EventRounds "9"]
[EventCountry "DEN"]

1. e4 c6 2. d4 d5 3. e5 Bf5 4. h4 h5 5. Bd3 Bxd3 6. Qxd3 Qa5+ 7. Nd2 e6 8. Ngf3
Nh6 9. O-O Nf5 10. Nb3 Qa6 11. Qd1 Be7 12. Bg5 Bxg5 13. hxg5 g6 14. Re1 Nd7 15.
c3 Rc8 16. Nbd2 c5 17. Nf1 cxd4 18. cxd4 Kf8 19. Ne3 Nxe3 20. fxe3 Kg7 21. Rf1
Qc4 22. Ne1 Rhf8 23. Rf2 Rc6 24. Nd3 a5 25. Nf4 a4 26. Qf3 Qb4 27. Raf1 Rc7 28.
Nxh5+ gxh5 29. Qxh5 Qe7 30. Rf6 Nb6 31. Qh6+ 1-0

[Event "CCC 2021 GM"]
[Site "Ballerup"]
[Date "2021.08.06"]
[Round "4"]
[White "Hector, Jonny"]
[Black "Haubro, Martin"]
[Result "0-1"]
[WhiteElo "2465"]
[BlackElo "2410"]
[PlyCount "80"]
[EventDate "2021.08.04"]
[EventType "tourn"]
[EventRounds "9"]
[EventCountry "DEN"]

1. e4 c5 2. Nf3 d6 3. d4 cxd4 4. Nxd4 Nf6 5. Nc3 a6 6. Bg5 Nbd7 7. f4 Qc7 8.
Qf3 b5 9. O-O-O Bb7 10. Nd5 Nxd5 11. exd5 g6 12. Re1 h6 13. Bh4 g5 14. fxg5 Ne5
15. Rxe5 dxe5 16. Nxb5 axb5 17. Bxb5+ Kd8 18. Qxf7 Qc5 19. a4 Rc8 20. c4 Qe3+
21. Kb1 Kc7 22. Bg3 Kb8 23. Re1 Qd3+ 24. Ka1 Rh7 25. Qe6 hxg5 26. Rxe5 Ka7 27.
Bf2+ Kb8 28. Qb6 Rxc4 29. Qd8+ Bc8 30. Qb6+ Bb7 31. Re1 Qxd5 32. Bxc4 Qxc4 33.
Qd8+ Qc8 34. Qd4 Qc6 35. Be3 Qa6 36. Rc1 Bc6 37. Rc4 e5 38. Qxe5+ Kb7 39. Qe6
Rd7 40. Bd4 Rd5 0-1

[Event "CCC 2021 GM"]
[Site "Ballerup"]
[Date "2021.08.06"]
[Round "4"]
[White "Antonsen, Mikkel"]
[Black "Blomqvist, Erik"]
[Result "1/2-1/2"]
[WhiteElo "2407"]
[BlackElo "2537"]
[PlyCount "110"]
[EventDate "2021.08.04"]
[EventType "tourn"]
[EventRounds "9"]
[EventCountry "DEN"]

1. d4 Nf6 2. c4 e6 3. Nf3 Bb4+ 4. Bd2 Bxd2+ 5. Qxd2 d5 6. e3 O-O 7. Nc3 Qe7 8.
Qc2 dxc4 9. Bxc4 c5 10. O-O Nc6 11. Rad1 b6 12. Ne4 Nxe4 13. Qxe4 Bb7 14. Bd3
g6 15. dxc5 Qxc5 16. Qh4 Kg7 17. Be4 Rad8 18. Rxd8 Nxd8 19. Rd1 Qc4 20. Bxb7
Qxh4 21. Nxh4 Nxb7 22. Rd7 Rd8 23. Rxd8 Nxd8 24. Nf3 Nc6 25. Kf1 e5 26. Ke2 f5
27. Nd2 e4 28. f3 exf3+ 29. gxf3 g5 30. Nc4 Kf6 31. f4 g4 32. e4 fxe4 33. Ke3
Nb4 34. a3 Nd3 35. Kxe4 Nc5+ 36. Ke3 Ke6 37. Kd4 Kf5 38. Ke3 Ne4 39. Ne5 Nf6
40. Nc6 Nd5+ 41. Kd4 Nxf4 42. Nxa7 h5 43. Nc8 h4 44. Nd6+ Ke6 45. Ne4 Nh5 46.
a4 Nf6 47. Nxf6 Kxf6 48. Ke3 Ke5 49. b4 Kd5 50. a5 bxa5 51. bxa5 Kc5 52. Kf4 g3
53. hxg3 hxg3 54. Kxg3 Kb5 55. a6 Kxa6 1/2-1/2

[Event "CCC 2021 GM"]
[Site "Ballerup"]
[Date "2021.08.06"]
[Round "4"]
[White "Vasli, Aref"]
[Black "Jacobsen, Mikkel Manosri"]
[Result "0-1"]
[WhiteElo "2386"]
[BlackElo "2309"]
[PlyCount "114"]
[EventDate "2021.08.04"]
[EventType "tourn"]
[EventRounds "9"]
[EventCountry "DEN"]

1. Nf3 d5 2. g3 Bg4 3. Bg2 Nd7 4. O-O c6 5. d3 Ngf6 6. c4 e6 7. cxd5 cxd5 8.
Nc3 Be7 9. a3 Rc8 10. h3 Bxf3 11. Bxf3 O-O 12. d4 Nb6 13. Qd3 Qd7 14. b3 h6 15.
Bb2 Rc6 16. Rac1 Nc8 17. Na4 Rxc1 18. Rxc1 b6 19. e3 Nd6 20. Qa6 Nfe4 21. Nc3
Nxc3 22. Rxc3 Rc8 23. Rxc8+ Nxc8 24. h4 Nd6 25. Qd3 Qc7 26. Kg2 f5 27. Bd1 Ne4
28. Qc2 Qd7 29. Be2 Bd6 30. a4 Bxg3 31. Bb5 Qc7 32. Qxc7 Bxc7 33. Bd3 Bd6 34.
f3 Nf6 35. Bc3 a5 36. Be1 Kf7 37. Bb5 f4 38. exf4 Bxf4 39. Kf2 Nh5 40. Ke2 Bd6
41. Ke3 Nf4 42. Bg3 Ng2+ 43. Kf2 Bxg3+ 44. Kxg2 Bxh4 45. Kh3 Bf2 46. Kg4 Bxd4
47. f4 Kf6 48. Bc6 Be3 49. Kf3 Bc1 50. Kg4 g6 51. Bb5 h5+ 52. Kf3 g5 53. fxg5+
Kxg5 54. Bd7 Kf5 55. Be8 h4 56. Bf7 Bf4 57. Bg8 h3 0-1

[Event "CCC 2021 GM"]
[Site "Ballerup"]
[Date "2021.08.06"]
[Round "5"]
[White "Haubro, Martin"]
[Black "Nielsen, Viktor Haarmark"]
[Result "1-0"]
[WhiteElo "2410"]
[BlackElo "2294"]
[PlyCount "65"]
[EventDate "2021.08.04"]
[EventType "tourn"]
[EventRounds "9"]
[EventCountry "DEN"]

1. e4 c5 2. Nf3 e6 3. d4 cxd4 4. Nxd4 Nc6 5. Nc3 Qc7 6. Be3 a6 7. Qf3 Nf6 8.
Bd3 Ne5 9. Qe2 b5 10. f4 Neg4 11. Bd2 b4 12. Nd1 e5 13. h3 Nh6 14. Nf5 Nhg8 15.
Nde3 Ne7 16. fxe5 Nxf5 17. exf5 Qxe5 18. O-O-O Bb7 19. Rhe1 Kd8 20. Qf1 Qg3 21.
Nc4 Qxg2 22. Qf4 Qf3 23. Qd4 Qd5 24. Qb6+ Kc8 25. Bf4 Qc6 26. Qxc6+ Bxc6 27.
Nb6+ Kb7 28. Nxa8 Nd5 29. Bg3 Kxa8 30. Be4 Nf6 31. Bxc6+ dxc6 32. Rd8+ Ka7 33.
Bd6 1-0

[Event "CCC 2021 GM"]
[Site "Ballerup"]
[Date "2021.08.06"]
[Round "5"]
[White "Brynell, Stellan"]
[Black "Ochsner, Bjorn Moller"]
[Result "1/2-1/2"]
[WhiteElo "2422"]
[BlackElo "2505"]
[PlyCount "130"]
[EventDate "2021.08.04"]
[EventType "tourn"]
[EventRounds "9"]
[EventCountry "DEN"]

1. e4 c5 2. c3 Nf6 3. e5 Nd5 4. d4 cxd4 5. Nf3 e6 6. cxd4 d6 7. Bc4 Be7 8. O-O
O-O 9. Qe2 b6 10. Rd1 Bb7 11. Bxd5 exd5 12. Nc3 Nd7 13. e6 Nb8 14. Re1 Na6 15.
Bf4 Nc7 16. exf7+ Rxf7 17. Bg3 Bc8 18. h3 h6 19. Rac1 Qd7 20. Nh2 b5 21. a3 a5
22. b4 Bf6 23. Nf3 Re7 24. Qb2 Rxe1+ 25. Rxe1 a4 26. Qd2 Bb7 27. Qf4 Rd8 28.
Bh4 Rf8 29. Bxf6 Rxf6 30. Qe3 Re6 31. Qd3 Bc6 32. Re3 Rxe3 33. Qxe3 Na8 34. Nd2
Nb6 35. g4 Qf7 36. f4 h5 37. f5 hxg4 38. hxg4 Qf6 39. Nf3 Nc4 40. Qf4 Qe7 41.
g5 Qe3+ 42. Qxe3 Nxe3 43. f6 gxf6 44. gxf6 Kf7 45. Kf2 Nc2 46. Nb1 Bd7 47. Kg3
Kxf6 48. Kf4 Be8 49. Nc3 Bc6 50. Nb1 Bd7 51. Nc3 Nxa3 52. Nxd5+ Kg7 53. Ne1 Nc4
54. Nc3 Kf6 55. Nc2 a3 56. Ne3 Nb2 57. Ned5+ Ke6 58. Nc7+ Ke7 59. Ke3 Bc6 60.
d5 Nd1+ 61. Nxd1 a2 62. dxc6 a1=Q 63. Nd5+ Ke6 64. N1c3 Qe1+ 65. Kd3 Qf1+
1/2-1/2

[Event "CCC 2021 GM"]
[Site "Ballerup"]
[Date "2021.08.06"]
[Round "5"]
[White "Olsen, Filip Boe"]
[Black "Vasli, Aref"]
[Result "1-0"]
[WhiteElo "2397"]
[BlackElo "2386"]
[PlyCount "61"]
[EventDate "2021.08.04"]
[EventType "tourn"]
[EventRounds "9"]
[EventCountry "DEN"]

1. d4 Nf6 2. Nf3 e6 3. Bf4 b6 4. e3 Be7 5. h3 O-O 6. Bd3 c5 7. c3 d6 8. O-O Bb7
9. Nbd2 cxd4 10. cxd4 a6 11. Qe2 Nbd7 12. Rfe1 Re8 13. e4 Nf8 14. Rad1 Ng6 15.
Bh2 b5 16. a3 Qb6 17. Bb1 Rad8 18. e5 Nd5 19. Bxg6 hxg6 20. Ne4 dxe5 21. dxe5
b4 22. a4 Bc6 23. Nfg5 Bxa4 24. Ra1 Bb5 25. Qg4 f5 26. Qh4 Bxg5 27. Nxg5 Ne7
28. Bf4 Rd5 29. Be3 Qc6 30. Rac1 Qd7 31. Rc7 1-0